| 000 | 01003nam a2200301 i 4500 | ||
|---|---|---|---|
| 003 | EG-GICUC | ||
| 005 | 20260428131753.0 | ||
| 008 | 260428s1909 fr |fr|||| 000 0 fre d | ||
| 040 |
_aEG-GiCUC _bfre _cEG-GiCUC _dEG-GiCUC _eRda |
||
| 041 | 1 | _afre | |
| 082 | 0 | 4 |
_221 _a343.82 _bES . P |
| 092 | 0 | 4 | _221 |
| 099 | _aLaw1 10 343.82 ES . P 1909 | ||
| 100 | 0 |
_aEspinas , A _eAuteur |
|
| 245 | 1 | 0 |
_aPrincipes Psychologie. _nTome Second / _cPar Herbert Spencer Traduits Sur La Nouvelle Édition Anglaise; Par Th. Ribot Et A. Espinas. |
| 250 | _aNouvelle Édition | ||
| 264 | 1 |
_aParis : _bFélix Alcan, Éditeur, _c1959 . |
|
| 300 |
_a688 page, _c 24 cm. |
||
| 336 |
_2rda contenu _a texte |
||
| 337 |
_2rda medias _aOrdinateur |
||
| 338 |
_2 transporteur rda _a Ressource en ligne |
||
| 546 | _aTexte en français | ||
| 650 | 1 | 4 | _aDroit pénal |
| 700 | 1 |
_aSpencer, Herbert _eTraducteur |
|
| 856 | 4 | 0 | _uhttps://fll.law.cu.edu.eg/fulltext/bks/B10-11683.pdf |
| 905 | _a48 | ||
| 942 |
_2ddc _cBK _e21 _n0 |
||
| 999 |
_c73909 _d73909 |
||